书目信息 |
| 题名: |
实用成本计算
|
|
| 作者: | 于广昌 , 吕太明 , 于广涛 编著 | |
| 分册: | ||
| 出版信息: | 北京 机械工业出版社 2005.02 |
|
| 页数: | 233页 | |
| 开本: | 21×18cm | |
| 丛书名: | ||
| 单 册: | ||
| 中图分类: | F234.2 | |
| 科图分类: | ||
| 主题词: | 成本会计--cheng ben kuai ji | |
| 电子资源: | ||
| ISBN: | 7-111-15955-1 | |
| 000 | 00889nam0 2200241 450 | |
| 001 | 012006263487 | |
| 005 | 20060927155935.39 | |
| 010 | @a7-111-15955-1@dCNY22.80 | |
| 100 | @a20060623d2005 km y0chiy0120 ea | |
| 101 | 0 | @achi |
| 102 | @aCN@b110000 | |
| 105 | @aa z 000yy | |
| 200 | 1 | @a实用成本计算@Ashi yong cheng ben ji suan@f于广涛, 于广昌, 吕太明编著@Fyu guang tao,yu guang chang,lu tai ming bian zhu |
| 210 | @a北京@c机械工业出版社@d2005.02 | |
| 215 | @a233页@c图@d21×18cm | |
| 330 | @a本书介绍了具体、实用的成本计算方法、成本控制策略与操作技巧。全书共七章,内容有成本和利润的关系、什么是成本、构成成本的三要素、成本管理等。 | |
| 606 | 0 | @a成本会计@Acheng ben kuai ji |
| 690 | @aF234.2@v4 | |
| 701 | 0 | @a于广昌@Ayu guang chang@4编著 |
| 701 | 0 | @a吕太明@Alu tai ming@4编著 |
| 701 | 0 | @a于广涛@Ayu guang tao@4编著 |
| 801 | 0 | @aCN@c20060927 |
| 905 | @apdsgxy@dF234.2@eY708 | |
| 实用成本计算/于广涛, 于广昌, 吕太明编著.-北京:机械工业出版社,2005.02 |
| 233页:图;21×18cm |
| ISBN 7-111-15955-1:CNY22.80 |
| 本书介绍了具体、实用的成本计算方法、成本控制策略与操作技巧。全书共七章,内容有成本和利润的关系、什么是成本、构成成本的三要素、成本管理等。 |
| ● |
| 相关链接 |
|
|
|
正题名:实用成本计算
索取号:F234.2/Y708
 
预约/预借
| 序号 | 登录号 | 条形码 | 馆藏地/架位号 | 状态 | 备注 |
| 1 | 590878 | 205908785 | 社科库409/409社科库 77排2列4层/ [索取号:F234.2/Y708] | 在馆 | |
| 2 | 590879 | 205908794 | 社科库409/409社科库 77排2列4层/ [索取号:F234.2/Y708] | 在馆 | |
| 3 | 590880 | 205908801 | 社科库409/409社科库 77排2列4层/ [索取号:F234.2/Y708] | 在馆 |